Normal view
MARC view
- Malik Azhar
Entry Personal Name
001 - CONTROL NUMBER
- control field: 48005
003 - CONTROL NUMBER IDENTIFIER
- control field: NUST
005 - DATE AND TIME OF LATEST TRANSACTION
- control field: 20210314133942.0
008 - FIXED-LENGTH DATA ELEMENTS
- fixed length control field: 210314|| aca||aabn | a|a d
040 ## - CATALOGING SOURCE
- Original cataloging agency: NUST
- Transcribing agency: NUST
100 ## - HEADING--PERSONAL NAME
- Personal name: Malik Azhar
670 ## - SOURCE DATA FOUND
- Source citation: Work cat.: (NUST): Atif Hussain syn no 5 48004, Development of Geographic Database for the Conversion of Paper Maps into Digital maps & GIS Applications, 23 April 2003
